00438 2200169 4500001002100000005001500021035002000036007000300056008004100059020002200100082001100122084001700133100002200150245003000172260003100202300003500233INLIS00000000000032120260115014028 a0010-0126000014ta260115 0 ind  a978-623-180-026-8 a658.82 a658.82 PUS d0 aPuspitasari, Devi1 aDigital Branding Kelas XI aJakarta :bErlangga,c2024 aix + 224 hlm. ;c17,5 x 25 cm.